01452nam a2200265Ia 4500001000600000003000900006008004100015040001300056040001300069041001300082100002000095100002800115245007100143245006900214250001100283260001200294260001400306260004900320300004200369500068300411650001501094650003101109700001801140700002801158 1712IT-RoPAU130308s9999 xx 000 0 und d aIT-RoPAU cIT-RoPAU aITALIANO aVianelli Silvio gCodice Aut. SPICS: 53 aCalcolo delle probabilità e principi di statistica metodologica  bCalcolo delle Probabilita' e Principi di Statistica Metodologica a1a ed. aBOLOGNA bCalderini c1966 [1° Ed.:1966 - Ed.Ling.Originale:1966] a"426 p. (prefazione: 16; testo: 410)" aProbabilità totali e Composte variabili Casuali e Problemi delle prove Ripetute Formule Approssimate Teoremi di Probabilità Giochi dei Dadi del Lotto del totocalcio Esponenziale di Poisson Teorema di Bienayme' Tchebycheff Teorema di Bernoulli Teorema di Bayes Rilevazione dei Dati tavole Numeriche e rappresentazioni grafiche Statistica Applicata Dati Statistici Errori e Approssimazioni variabili Statistiche Analisi delle variabili Statistiche semplici Ricerca Empirica delle relazioni Statistiche Dipendenza Statistica e Rapporto di correlazione Metodologia Statistica per la Ricerca Scientifica ed Operativa Inferenza Statistica campionamento Stime Statistiche Prontuari aSTATISTICA eCodice materia Spics: 2501 aFerreri Carlo gCodice Aut. SPICS: 6699